000
00308nam a2200121Ia 4500
008
190216s9999||||xx |||||||||||||| ||und||
100
_a
Govt Of Kerala
245
0
_a
Glossary Of Administrative Terms
260
_b
Government Of Kerala
_c
1960
300
_a
375p
650
_a
General Collections
942
_c
REF
999
_c
35147
_d
35147